Πράσινη πολιτική σκέψη
Αποθηκεύτηκε σε:
| Κύριος συγγραφέας: | |
|---|---|
| Άλλοι συγγραφείς: | |
| Μορφή: | Βιβλίο |
| Γλώσσα: | Greek English |
| Δημοσίευση: |
Αθήνα :
Πράσινο Ινστιτούτο,
2013.
|
| Θέματα: | |
| Ετικέτες: |
Προσθήκη ετικέτας
Δεν υπάρχουν, Καταχωρήστε ετικέτα πρώτοι!
|
MARC
| LEADER | 00000cam a2200000 i 4500 | ||
|---|---|---|---|
| 001 | 1/57689 | ||
| 008 | 141007s2013 gr | ||| |||| ||gre|| | ||
| 020 | |a 978960617810111 | ||
| 035 | |l 10119394 | ||
| 040 | |a GR-MyUa |b gre |e AACR2 | ||
| 041 | 1 | |a gre |h eng | |
| 082 | 7 | |a 320.58 |2 (23) | |
| 100 | 1 | |a Dobson, Andrew. | |
| 245 | 1 | 0 | |a Πράσινη πολιτική σκέψη / |c Άντριου Ντόμπσον ; μετάφραση: Σπύρος Πετρουνάκος. |
| 260 | |a Αθήνα : |b Πράσινο Ινστιτούτο, |c 2013. | ||
| 300 | |a 325 σ. ; |c 21 εκ. | ||
| 504 | |a Περιλαμβάνει βιβλιογραφία. | ||
| 650 | 0 | |a Green movement |x Political aspects. | |
| 700 | 1 | |a Πετρουνάκος, Σπύρος, |e trl | |
| 765 | 0 | 8 | |i Μετάφραση του: |t Green political thought / |
| 852 | |a INST |b LESVOS |e 20141007 |h 320.58 DOB |p 005100055834 |q 005100055834 |t BK |y 0 | ||
| 852 | |a INST |b LESVOS |e 20141021 |h 320.58 DOB |p 005100055877 |q 005100055877 |t BK |y 0 | ||
| 901 | |a BIBL1-2014-3 | ||
| 920 | |a ΜΠΟΤΕΤΖΑΓΙΑΣ |b ΙΩΣΗΦ |y Λέσβος |z 2014-10 | ||
| 970 | |a ΤΖΑΦΕΡΗ |b ΕΥΑΓΓΕΛΙΑ |z 2014/07/10 | ||